Statistiche per Squadre vincitrici Scudetti consecutivi

Clicka qui per fare il quiz!

Statistiche generali

  • Questo quiz è stato fatto 16 volte
  • Il punteggio medio è 20 su 21

Statistiche sulle risposte

Vittorie consecutivePeriodoSquadra% Corretto
21953-1954Inter
100%
52006-2010Inter
100%
21965-1966Inter
100%
92012-2020Juventus
100%
21997-1998Juventus
100%
21981-1982Juventus
100%
21977-1978Juventus
100%
21972-1973Juventus
100%
21960-1961Juventus
100%
22002-2003Juventus
100%
51931-1935Juventus
100%
21906-1907Milan
100%
31992-1994Milan
100%
21923-1924Genoa
94%
31902-1904Genoa
94%
31898-1900Genoa
94%
21908-1909Pro Vercelli
94%
31911-1913Pro Vercelli
94%
21921-1922Pro Vercelli
94%
51943-1949Torino
88%
21936-1937Bologna
81%

Distribuzione punteggi

Percentile per numero di risposta

Percentuale di utenti per punteggio

I tuoi punteggi nel tempo

Non hai fatto questo quiz